LEADER 00826nam a2200217 i 4500 001 000000258320 003 CaOOAMICUS 005 20241203145028.0 008 180502s1826 it u000 u ita u 013 $a237228 026 $alia. tie- l-o- l'vo (7) 1826 (R) 040 $aSeMil$bita 245 10$aVol. 2. 300 $a434, [2] p. 773 0 $aBentivoglio, Guido <1577-1644>$tDella guerra di Fiandra descritta dal cardinal Bentivoglio. Volume 1. [-3.].$dMilano : Per Nicolò Bettoni, 1826.$kBiblioteca storica di tutte le nazioni. Classe seconda: Storici italiani$g2$w()4610 850 $aSeMil 852 $aSeMil$W1$xVenegono$y1$m3V IV 30 FA$j208666$B208666$CSeMilBibl$Z2$F222348 $8I 941 1 $a10 961 $aRecupero: Mantegazza 996 $6245$aVol. 2$9(OLS)http://semarc/title/13458 LEADER 01417nam a2200289 i 4500 001 000000115081 003 CaOOAMICUS 005 20030513000000.0 008 030513s1981 it u000 u ita u 013 $a87769 020 $a88-211-86-016 040 $aSeMil$bita 245 10$aInterpretazione e strutture :$ble strutture del discorso di Paolo a Mileto : il Colloquio sulla interpretazione, Macerata 27-28-29 marzo 1980 /$ca cura di Giuseppe Galli. 260 $aTorino :$bMarietti,$c1981. 300 $a187 p. ;$c24 cm. 490 0 $aPubblicazioni della Facoltà di lettere e filosofia ;$v7 500 $aFondo Card. C.M. Martini. 650 4$aBibbia - NT - Atti degli Apostoli - 20,18-36.$0(OLS)http://semarc/subject/10108 700 1 $aGalli, Giuseppe <1933- >.$0(OLS)http://semarc/name/43057 830 0$aPubblicazioni della Facoltà di lettere e filosofia ;$v7.$0(OLS)http://semarc/title/15306 850 $aSeMil 852 $aSeMil$W1$xVenegono$y1$m2W IV 12$j70618$B70618$CSeMilBibl$Z2$F100318 $81 941 1 $a4 961 $aOmaggio: Martini Card. Carlo Maria 996 $6020$a88-211-86-016$9(OLS)http://semarc/number/98704 996 $6245$aInterpretazione e strutture :$ble strutture del discorso di Paolo a Mileto : il Colloquio sulla interpretazione, Macerata 27-28-29 marzo 1980$9(OLS)http://semarc/title/407616 996 $6260$aTorino :$bMarietti$9(OLS)http://semarc/publisher/29916